[Event "U20 Polish Youth Championship"]
[Site "Ustron"]
[Date "2019.11.24"]
[Round "2"]
[White "Oglaza, Oskar"]
[Black "Karpus, Michal"]
[Result "0-1"]
[Board "12"]
[WhiteElo "2360"]
[WhiteTitle "FM"]
[WhiteCountry "POL"]
[WhiteFideId "1194402"]
[WhiteEloChange "-11"]
[BlackElo "2312"]
[BlackTitle "FM"]
[BlackCountry "POL"]
[BlackFideId "1174088"]
[BlackEloChange "11"]

1. e4 {[%clk 1:30:30]} e5 {[%clk 1:30:44]} 2. Nf3 {[%clk 1:30:30]} Nc6 {[%clk
1:30:49]} 3. d4 {[%clk 1:30:30]} exd4 {[%clk 1:30:58]} 4. Nxd4 {[%clk 1:30:30]}
Bc5 {[%clk 1:30:37]} 5. Nb3 {[%clk 1:30:54]} Bb6 {[%clk 1:30:31]} 6. Nc3 {[%clk
1:31:14]} Nf6 {[%clk 1:28:23]} 7. Qe2 {[%clk 1:31:34]} d6 {[%clk 1:27:36]} 8. Be3
{[%clk 1:31:59]} Be6 {[%clk 1:26:54]} 9. O-O-O {[%clk 1:32:19]} Qe7 {[%clk
1:24:41]} 10. f3 {[%clk 1:32:19]} O-O-O {[%clk 1:24:15]} 11. Bxb6 {[%clk
1:32:43]} axb6 {[%clk 1:24:35]} 12. Qe3 {[%clk 1:33:08]} Bxb3 {[%clk 1:19:32]}
13. axb3 {[%clk 1:31:41]} d5 {[%clk 1:19:27]} 14. Nb5 {[%clk 1:25:53]} dxe4
{[%clk 1:15:35]} 15. Bd3 {[%clk 1:24:30]} Rhe8 {[%clk 0:59:11]} 16. fxe4 {[%clk
1:24:29]} Qe5 {[%clk 0:49:58]} 17. c3 {[%clk 1:23:06]} Kb8 {[%clk 0:47:59]} 18.
Qf3 {[%clk 1:12:51]} Qg5+ {[%clk 0:44:57]} 19. Kb1 {[%clk 1:09:55]} Ne5 {[%clk
0:43:34]} 20. Qe2 {[%clk 1:09:55]} Nxd3 {[%clk 0:41:18]} 21. Rxd3 {[%clk
1:10:20]} Rxd3 {[%clk 0:40:21]} 22. Qxd3 {[%clk 1:10:44]} Qxg2 {[%clk 0:39:44]}
23. Re1 {[%clk 1:10:38]} Nxe4 {[%clk 0:31:43]} 24. Ka1 {[%clk 1:06:14]} Qxh2
{[%clk 0:26:42]} 25. Qd7 {[%clk 1:03:18]} Rc8 {[%clk 0:24:27]} 26. Qxf7 {[%clk
1:02:20]} Qf2 {[%clk 0:22:22]} 27. Qxf2 {[%clk 1:02:39]} Nxf2 {[%clk 0:22:47]}
28. Re7 {[%clk 1:03:04]} h5 {[%clk 0:21:34]} 29. Rxg7 {[%clk 1:03:04]} Rh8 {[%clk
0:21:43]} 30. Rg2 {[%clk 1:01:50]} Ne4 {[%clk 0:20:40]} 31. Re2 {[%clk 1:01:39]}
Ng3 {[%clk 0:19:57]} 32. Rh2 {[%clk 1:01:12]} h4 {[%clk 0:16:46]} 33. Rh3 {[%clk
0:56:27]} Nf5 {[%clk 0:16:14]} 34. Kb1 {[%clk 0:56:26]} c6 {[%clk 0:15:42]} 35.
Na3 {[%clk 0:56:50]} Kc7 {[%clk 0:15:46]} 36. Kc2 {[%clk 0:57:15]} Kd6 {[%clk
0:14:43]} 37. Nc4+ {[%clk 0:57:30]} Kd5 {[%clk 0:14:52]} 38. Kd3 {[%clk 0:56:10]}
b5 {[%clk 0:14:51]} 39. Nd2 {[%clk 0:56:35]} Ke5 {[%clk 0:14:29]} 40. Ke2 {[%clk
0:56:34]} Kf4 {[%clk 0:14:02]} 41. Kf2 {[%clk 0:52:44]} Kg4 {[%clk 0:12:16]} 42.
Kg2 {[%clk 0:53:09]} Re8 {[%clk 0:12:15]} 43. Rd3 {[%clk 0:53:28]} h3+ {[%clk
0:11:43]} 44. Kg1 {[%clk 0:53:01]} Re1+ {[%clk 0:10:55]} 45. Nf1 {[%clk 0:53:01]}
h2+ {[%clk 0:10:01]} 46. Kg2 {[%clk 0:53:26]} Rxf1 {[%clk 0:10:05]} 0-1

[Event "U20 Polish Youth Championship"]
[Site "Ustron"]
[Date "2019.11.24"]
[Round "2"]
[White "Hasterok, Mateusz"]
[Black "Jarzebowski, Kacper"]
[Result "0-1"]
[Board "13"]
[WhiteElo "2018"]
[WhiteCountry "POL"]
[WhiteFideId "21822352"]
[WhiteEloChange "-8"]
[BlackElo "2079"]
[BlackCountry "POL"]
[BlackFideId "1184954"]
[BlackEloChange "8"]

1. d4 {[%clk 1:30:58]} Nf6 {[%clk 1:30:54]} 2. c4 {[%clk 1:31:24]} d6 {[%clk
1:31:12]} 3. Nc3 {[%clk 1:31:43]} e5 {[%clk 1:31:38]} 4. Nf3 {[%clk 1:31:33]}
Nbd7 {[%clk 1:31:08]} 5. e4 {[%clk 1:28:59]} g6 {[%clk 1:30:23]} 6. Be2 {[%clk
1:27:35]} Bg7 {[%clk 1:30:47]} 7. O-O {[%clk 1:28:00]} O-O {[%clk 1:31:12]} 8. h3
{[%clk 1:26:59]} a5 {[%clk 1:29:46]} 9. Be3 {[%clk 1:24:16]} Qe7 {[%clk 1:27:58]}
10. d5 {[%clk 1:21:09]} Nh5 {[%clk 1:28:19]} 11. Ne1 {[%clk 1:15:17]} Nf4 {[%clk
1:28:08]} 12. Nd3 {[%clk 1:12:51]} Nxd3 {[%clk 1:23:27]} 13. Qxd3 {[%clk
1:09:57]} f5 {[%clk 1:22:36]} 14. exf5 {[%clk 1:00:11]} gxf5 {[%clk 1:22:58]} 15.
f4 {[%clk 0:59:03]} Nc5 {[%clk 1:20:02]} 16. Bxc5 {[%clk 0:57:29]} dxc5 {[%clk
1:20:30]} 17. fxe5 {[%clk 0:57:27]} Bxe5 {[%clk 1:19:52]} 18. Bh5 {[%clk
0:50:48]} Bd4+ {[%clk 1:19:23]} 19. Kh1 {[%clk 0:50:42]} Qg5 {[%clk 1:18:52]} 20.
Qe2 {[%clk 0:45:19]} Bd7 {[%clk 1:15:50]} 21. Rae1 {[%clk 0:43:11]} Ra6 {[%clk
1:02:51]} 22. Qe7 {[%clk 0:36:59]} Qxe7 {[%clk 0:56:45]} 23. Rxe7 {[%clk
0:37:22]} Rd6 {[%clk 0:56:08]} 24. Rfe1 {[%clk 0:31:08]} Bf6 {[%clk 0:53:45]} 25.
R7e2 {[%clk 0:28:44]} Rb6 {[%clk 0:52:29]} 26. Nd1 {[%clk 0:21:24]} Rb4 {[%clk
0:49:35]} 27. Rc2 {[%clk 0:21:08]} Kg7 {[%clk 0:49:46]} 28. Ree2 {[%clk 0:18:02]}
Kh6 {[%clk 0:49:27]} 29. Bf3 {[%clk 0:18:21]} Re8 {[%clk 0:49:42]} 30. Rxe8
{[%clk 0:15:07]} Bxe8 {[%clk 0:50:11]} 31. Nf2 {[%clk 0:15:26]} Rxb2 {[%clk
0:49:32]} 32. Rxb2 {[%clk 0:15:50]} Bxb2 {[%clk 0:49:57]} 33. Nd3 {[%clk
0:16:18]} Bd4 {[%clk 0:50:11]} 34. Nf4 {[%clk 0:16:42]} Be5 {[%clk 0:48:48]} 35.
Ne6 {[%clk 0:16:20]} Bd6 {[%clk 0:49:11]} 36. g4 {[%clk 0:16:38]} Kg6 {[%clk
0:45:42]} 37. Bd1 {[%clk 0:14:13]} fxg4 {[%clk 0:45:38]} 38. hxg4 {[%clk
0:13:45]} Kf6 {[%clk 0:45:55]} 39. Nd8 {[%clk 0:11:02]} b6 {[%clk 0:45:30]} 40.
Nc6 {[%clk 0:40:27]} Kg5 {[%clk 1:15:31]} 41. Kg2 {[%clk 0:40:46]} Kf4 {[%clk
1:15:46]} 42. Kh3 {[%clk 0:40:43]} Bg6 {[%clk 1:15:29]} 43. a4 {[%clk 0:35:25]}
Bd3 {[%clk 1:15:53]} 44. Bb3 {[%clk 0:35:49]} Kg5 {[%clk 1:16:16]} 45. Nd8 {[%clk
0:34:15]} Bf1# {[%clk 1:16:40]} 0-1

[Event "U20 Polish Youth Championship"]
[Site "Ustron"]
[Date "2019.11.24"]
[Round "2"]
[White "Karwacki, Piotr"]
[Black "Fiedorek, Michal"]
[Result "0-1"]
[Board "14"]
[WhiteElo "1952"]
[WhiteCountry "POL"]
[WhiteFideId "21852200"]
[WhiteEloChange "-2"]
[BlackElo "2333"]
[BlackTitle "FM"]
[BlackCountry "POL"]
[BlackFideId "1199528"]
[BlackEloChange "2"]

1. e4 {[%clk 1:30:57]} c5 {[%clk 1:30:55]} 2. Nf3 {[%clk 1:31:16]} d6 {[%clk
1:31:20]} 3. d4 {[%clk 1:31:37]} cxd4 {[%clk 1:31:41]} 4. Nxd4 {[%clk 1:32:01]}
Nf6 {[%clk 1:32:02]} 5. Nc3 {[%clk 1:32:20]} Nc6 {[%clk 1:32:25]} 6. Bg5 {[%clk
1:32:39]} e6 {[%clk 1:32:36]} 7. Qd2 {[%clk 1:33:00]} a6 {[%clk 1:32:56]} 8.
O-O-O {[%clk 1:33:14]} Bd7 {[%clk 1:33:19]} 9. f3 {[%clk 1:33:13]} Be7 {[%clk
1:33:34]} 10. h4 {[%clk 1:33:37]} h6 {[%clk 1:33:54]} 11. Be3 {[%clk 1:34:02]} h5
{[%clk 1:34:00]} 12. Bg5 {[%clk 1:34:23]} Nxd4 {[%clk 1:33:24]} 13. Qxd4 {[%clk
1:34:38]} Qc7 {[%clk 1:33:09]} 14. g4 {[%clk 1:28:20]} hxg4 {[%clk 1:24:59]} 15.
fxg4 {[%clk 1:26:53]} Qc5 {[%clk 1:21:19]} 16. Bxf6 {[%clk 1:13:37]} Bxf6 {[%clk
1:18:44]} 17. Qxd6 {[%clk 1:10:14]} Qxd6 {[%clk 1:18:44]} 18. Rxd6 {[%clk
1:10:38]} Bxh4 {[%clk 1:07:14]} 19. Kb1 {[%clk 1:01:11]} Ke7 {[%clk 1:05:53]} 20.
Rd3 {[%clk 0:58:52]} Bf6 {[%clk 1:02:43]} 21. Rdh3 {[%clk 0:57:01]} Rxh3 {[%clk
0:56:20]} 22. Rxh3 {[%clk 0:57:04]} Bc6 {[%clk 0:54:26]} 23. Bd3 {[%clk 0:55:12]}
g6 {[%clk 0:48:40]} 24. Ne2 {[%clk 0:53:37]} Rh8 {[%clk 0:34:28]} 25. Rxh8 {[%clk
0:53:33]} Bxh8 {[%clk 0:34:52]} 26. Ng1 {[%clk 0:53:16]} Be5 {[%clk 0:30:08]} 27.
Nf3 {[%clk 0:48:55]} Bf4 {[%clk 0:28:07]} 28. b4 {[%clk 0:36:28]} Bd7 {[%clk
0:16:37]} 29. c4 {[%clk 0:33:21]} e5 {[%clk 0:15:18]} 30. g5 {[%clk 0:32:10]} Bg4
{[%clk 0:14:19]} 31. Be2 {[%clk 0:32:30]} Bxg5 {[%clk 0:13:07]} 32. c5 {[%clk
0:31:34]} Bf4 {[%clk 0:09:28]} 33. a4 {[%clk 0:30:17]} Bd7 {[%clk 0:03:37]} 34.
b5 {[%clk 0:29:32]} axb5 {[%clk 0:04:01]} 35. axb5 {[%clk 0:29:54]} Kf6 {[%clk
0:02:53]} 36. Ne1 {[%clk 0:28:52]} Be3 {[%clk 0:01:52]} 37. Nd3 {[%clk 0:28:50]}
Bxb5 {[%clk 0:01:29]} 38. Nb4 {[%clk 0:28:58]} Bxe2 {[%clk 0:01:19]} 39. Nd5+
{[%clk 0:29:24]} Ke6 {[%clk 0:00:50]} 40. Nxe3 {[%clk 0:59:47]} Bd3+ {[%clk
0:31:15]} 0-1

[Event "U20 Polish Youth Championship"]
[Site "Ustron"]
[Date "2019.11.24"]
[Round "2"]
[White "Kalkowski, Igor"]
[Black "Leskiewicz, Ignacy"]
[Result "1/2-1/2"]
[Board "15"]
[WhiteElo "1965"]
[WhiteCountry "POL"]
[WhiteFideId "21833966"]
[WhiteEloChange "5"]
[BlackElo "2138"]
[BlackCountry "POL"]
[BlackFideId "1185870"]
[BlackEloChange "-5"]

1. e4 {[%clk 1:30:56]} c5 {[%clk 1:30:56]} 2. Nf3 {[%clk 1:31:12]} d6 {[%clk
1:31:12]} 3. d4 {[%clk 1:31:36]} cxd4 {[%clk 1:31:39]} 4. Nxd4 {[%clk 1:31:54]}
Nf6 {[%clk 1:32:00]} 5. Nc3 {[%clk 1:32:15]} a6 {[%clk 1:32:25]} 6. h3 {[%clk
1:32:39]} e6 {[%clk 1:26:11]} 7. g4 {[%clk 1:32:56]} b5 {[%clk 1:26:37]} 8. Bg2
{[%clk 1:31:29]} Bb7 {[%clk 1:23:59]} 9. O-O {[%clk 1:30:36]} Nfd7 {[%clk
1:12:21]} 10. f4 {[%clk 1:26:28]} Nc6 {[%clk 0:53:33]} 11. Be3 {[%clk 1:20:03]}
Qc7 {[%clk 0:44:15]} 12. f5 {[%clk 1:07:10]} Nxd4 {[%clk 0:43:24]} 13. Bxd4
{[%clk 1:06:42]} e5 {[%clk 0:38:25]} 14. Bf2 {[%clk 1:03:51]} Be7 {[%clk
0:30:08]} 15. h4 {[%clk 0:56:12]} Rc8 {[%clk 0:23:46]} 16. Rc1 {[%clk 0:54:34]}
Nb6 {[%clk 0:20:45]} 17. Qd3 {[%clk 0:47:15]} Nc4 {[%clk 0:18:48]} 18. Nd1 {[%clk
0:47:19]} O-O {[%clk 0:16:05]} 19. b3 {[%clk 0:45:36]} Nb6 {[%clk 0:16:14]} 20.
Qe3 {[%clk 0:42:36]} Nd7 {[%clk 0:16:06]} 21. g5 {[%clk 0:40:18]} f6 {[%clk
0:15:45]} 22. g6 {[%clk 0:33:38]} hxg6 {[%clk 0:15:49]} 23. fxg6 {[%clk 0:34:00]}
f5 {[%clk 0:15:59]} 24. Qh3 {[%clk 0:30:41]} Nc5 {[%clk 0:08:42]} 25. exf5 {[%clk
0:29:34]} Bxg2 {[%clk 0:09:07]} 26. Kxg2 {[%clk 0:29:55]} Qc6+ {[%clk 0:08:57]}
27. Kg1 {[%clk 0:29:29]} Qe4 {[%clk 0:07:47]} 28. Ne3 {[%clk 0:29:02]} d5 {[%clk
0:07:21]} 29. Rfe1 {[%clk 0:23:35]} d4 {[%clk 0:06:49]} 30. Nc4 {[%clk 0:22:43]}
Qxf5 {[%clk 0:06:07]} 31. Qxf5 {[%clk 0:22:43]} Rxf5 {[%clk 0:06:07]} 32. Rxe5
{[%clk 0:22:06]} Rxf2 {[%clk 0:02:42]} 33. Rxe7 {[%clk 0:21:58]} Rcf8 {[%clk
0:01:18]} 34. Ne5 {[%clk 0:21:44]} R2f6 {[%clk 0:00:46]} 35. Rd1 {[%clk 0:19:02]}
Ne6 {[%clk 0:01:08]} 36. h5 {[%clk 0:16:02]} Nf4 {[%clk 0:01:06]} 37. Nd7 {[%clk
0:16:16]} Nh3+ {[%clk 0:00:47]} 38. Kh2 {[%clk 0:15:11]} Rf2+ {[%clk 0:01:13]}
39. Kxh3 {[%clk 0:13:51]} R8f3+ {[%clk 0:01:38]} 1/2-1/2

[Event "U20 Polish Youth Championship"]
[Site "Ustron"]
[Date "2019.11.24"]
[Round "2"]
[White "Jankowiak, Tomasz"]
[Black "Koloczek, Maciej"]
[Result "1/2-1/2"]
[Board "16"]
[WhiteElo "2111"]
[WhiteCountry "POL"]
[WhiteFideId "1185357"]
[WhiteEloChange "-4"]
[BlackElo "1947"]
[BlackCountry "POL"]
[BlackFideId "1198785"]
[BlackEloChange "4"]

1. e4 {[%clk 1:30:57]} e6 {[%clk 1:30:46]} 2. d4 {[%clk 1:31:20]} d5 {[%clk
1:31:07]} 3. Bd3 {[%clk 1:31:46]} dxe4 {[%clk 1:30:40]} 4. Bxe4 {[%clk 1:32:11]}
Nf6 {[%clk 1:31:02]} 5. Bf3 {[%clk 1:32:36]} c5 {[%clk 1:29:10]} 6. Ne2 {[%clk
1:33:00]} Nbd7 {[%clk 1:27:23]} 7. Nbc3 {[%clk 1:27:21]} a6 {[%clk 1:18:13]} 8.
Be3 {[%clk 1:19:14]} cxd4 {[%clk 1:14:15]} 9. Bxd4 {[%clk 1:17:47]} Qc7 {[%clk
1:06:35]} 10. Qd2 {[%clk 1:12:13]} Bb4 {[%clk 1:01:22]} 11. a3 {[%clk 1:10:22]}
Be7 {[%clk 1:00:18]} 12. Ne4 {[%clk 0:59:11]} Nxe4 {[%clk 0:50:43]} 13. Bxe4
{[%clk 0:59:32]} Nf6 {[%clk 0:49:43]} 14. Bd3 {[%clk 0:51:00]} e5 {[%clk
0:47:18]} 15. Bc3 {[%clk 0:51:06]} Be6 {[%clk 0:44:35]} 16. f4 {[%clk 0:39:11]}
e4 {[%clk 0:35:42]} 17. Bxf6 {[%clk 0:38:54]} exd3 {[%clk 0:35:50]} 18. Bxe7
{[%clk 0:36:59]} dxe2 {[%clk 0:35:21]} 19. Bb4 {[%clk 0:18:17]} Rc8 {[%clk
0:32:10]} 20. f5 {[%clk 0:15:16]} Bxf5 {[%clk 0:30:51]} 21. Qxe2+ {[%clk
0:15:33]} Be6 {[%clk 0:31:07]} 22. O-O {[%clk 0:10:11]} Qb6+ {[%clk 0:27:53]} 23.
Kh1 {[%clk 0:10:19]} a5 {[%clk 0:27:29]} 24. Bc3 {[%clk 0:09:33]} O-O {[%clk
0:25:57]} 25. Rae1 {[%clk 0:07:36]} Bc4 {[%clk 0:22:08]} 26. Qg4 {[%clk 0:07:53]}
Qg6 {[%clk 0:21:43]} 27. Rf4 {[%clk 0:07:03]} Be6 {[%clk 0:19:43]} 28. Qf3 {[%clk
0:05:48]} b6 {[%clk 0:18:37]} 29. Qf2 {[%clk 0:05:57]} b5 {[%clk 0:18:03]} 30. h3
{[%clk 0:04:38]} Rfd8 {[%clk 0:14:45]} 31. Bxa5 {[%clk 0:03:33]} Rd5 {[%clk
0:14:27]} 32. Bc3 {[%clk 0:03:45]} Rg5 {[%clk 0:14:11]} 33. Kh2 {[%clk 0:03:09]}
h5 {[%clk 0:11:05]} 34. Re3 {[%clk 0:02:50]} Bc4 {[%clk 0:09:29]} 35. Rg3 {[%clk
0:02:11]} Re8 {[%clk 0:09:49]} 36. Rxg5 {[%clk 0:01:53]} Qxg5 {[%clk 0:10:13]}
37. Qg3 {[%clk 0:01:19]} Qh6 {[%clk 0:09:26]} 38. Rf5 {[%clk 0:01:12]} h4 {[%clk
0:07:50]} 39. Qf3 {[%clk 0:01:06]} Qd6+ {[%clk 0:01:36]} 40. Qf4 {[%clk 0:31:08]}
Qxf4+ {[%clk 0:30:36]} 41. Rxf4 {[%clk 0:30:17]} Re2 {[%clk 0:30:26]} 42. Rg4
{[%clk 0:19:04]} g6 {[%clk 0:26:39]} 43. Rxh4 {[%clk 0:13:20]} f5 {[%clk
0:26:36]} 44. Rd4 {[%clk 0:11:57]} Rxc2 {[%clk 0:25:51]} 45. a4 {[%clk 0:11:30]}
Bf1 {[%clk 0:25:05]} 46. Rd1 {[%clk 0:02:08]} Bxg2 {[%clk 0:22:16]} 47. Rd2
{[%clk 0:02:26]} Rxd2 {[%clk 0:22:29]} 48. Bxd2 {[%clk 0:02:53]} Bc6 {[%clk
0:22:44]} 49. a5 {[%clk 0:01:38]} Kf7 {[%clk 0:22:17]} 50. Kg3 {[%clk 0:02:04]}
Kf6 {[%clk 0:22:32]} 51. Bc3+ {[%clk 0:02:18]} Ke6 {[%clk 0:21:56]} 52. Kf4
{[%clk 0:02:43]} Bb7 {[%clk 0:21:46]} 53. h4 {[%clk 0:03:00]} Bc8 {[%clk
0:21:39]} 54. Bg7 {[%clk 0:02:41]} Kf7 {[%clk 0:21:18]} 55. Bh8 {[%clk 0:02:58]}
Ke6 {[%clk 0:21:25]} 56. Ke3 {[%clk 0:02:57]} Kd5 {[%clk 0:21:28]} 57. Kd3 {[%clk
0:03:20]} Bb7 {[%clk 0:21:09]} 58. Bd4 {[%clk 0:03:23]} Bc8 {[%clk 0:21:17]} 59.
Bf2 {[%clk 0:03:25]} Bb7 {[%clk 0:21:33]} 60. Kc3 {[%clk 0:01:51]} Ke5 {[%clk
0:21:41]} 1/2-1/2

[Event "U20 Polish Youth Championship"]
[Site "Ustron"]
[Date "2019.11.24"]
[Round "2"]
[White "Syrkiewicz, Michal"]
[Black "Czernek, Tymon"]
[Result "1/2-1/2"]
[Board "17"]
[WhiteElo "1928"]
[WhiteCountry "POL"]
[WhiteFideId "21833494"]
[WhiteEloChange "5"]
[BlackElo "2097"]
[BlackCountry "POL"]
[BlackFideId "1199510"]
[BlackEloChange "-5"]

1. e4 {[%clk 1:30:54]} c5 {[%clk 1:30:57]} 2. Nf3 {[%clk 1:31:18]} d6 {[%clk
1:31:24]} 3. d4 {[%clk 1:31:42]} cxd4 {[%clk 1:31:51]} 4. Nxd4 {[%clk 1:32:08]}
Nf6 {[%clk 1:32:17]} 5. Nc3 {[%clk 1:32:30]} a6 {[%clk 1:32:44]} 6. Bc4 {[%clk
1:32:25]} e6 {[%clk 1:33:10]} 7. O-O {[%clk 1:32:19]} b5 {[%clk 1:33:38]} 8. Bb3
{[%clk 1:32:43]} Be7 {[%clk 1:34:04]} 9. Qf3 {[%clk 1:32:39]} Qc7 {[%clk
1:34:29]} 10. Qg3 {[%clk 1:32:12]} O-O {[%clk 1:34:54]} 11. Bh6 {[%clk 1:31:20]}
Ne8 {[%clk 1:35:18]} 12. Rad1 {[%clk 1:31:24]} Bf6 {[%clk 1:35:28]} 13. Be3
{[%clk 1:29:14]} Bd7 {[%clk 1:34:00]} 14. f4 {[%clk 1:26:08]} Nc6 {[%clk
1:26:11]} 15. Kh1 {[%clk 1:19:29]} Nxd4 {[%clk 1:21:10]} 16. Bxd4 {[%clk
1:19:31]} Bxd4 {[%clk 1:20:50]} 17. Rxd4 {[%clk 1:19:52]} a5 {[%clk 1:21:11]} 18.
a3 {[%clk 1:16:14]} Qc5 {[%clk 1:20:59]} 19. Rfd1 {[%clk 1:14:28]} b4 {[%clk
1:18:52]} 20. axb4 {[%clk 1:10:01]} axb4 {[%clk 1:19:17]} 21. Rc4 {[%clk
1:07:02]} Qb6 {[%clk 1:05:49]} 22. Na2 {[%clk 1:05:33]} Nf6 {[%clk 1:03:56]} 23.
Rxb4 {[%clk 1:03:57]} Qc6 {[%clk 1:03:53]} 24. Nc3 {[%clk 1:00:51]} Rfb8 {[%clk
0:55:50]} 25. Rxb8+ {[%clk 0:58:32]} Rxb8 {[%clk 0:56:15]} 26. e5 {[%clk
0:55:27]} dxe5 {[%clk 0:54:28]} 27. fxe5 {[%clk 0:55:51]} Nh5 {[%clk 0:48:46]}
28. Qg5 {[%clk 0:54:09]} g6 {[%clk 0:48:38]} 29. Ba4 {[%clk 0:54:18]} Qc5 {[%clk
0:48:20]} 30. Rxd7 {[%clk 0:51:34]} Rxb2 {[%clk 0:47:44]} 31. Qe7 {[%clk
0:51:32]} Qxe7 {[%clk 0:47:13]} 32. Rxe7 {[%clk 0:51:58]} Rb4 {[%clk 0:47:38]}
33. Bb3 {[%clk 0:52:01]} Rf4 {[%clk 0:47:34]} 34. g3 {[%clk 0:49:58]} Rf1+ {[%clk
0:47:58]} 35. Kg2 {[%clk 0:50:22]} Re1 {[%clk 0:48:25]} 36. g4 {[%clk 0:49:06]}
Nf4+ {[%clk 0:48:45]} 37. Kg3 {[%clk 0:48:50]} g5 {[%clk 0:49:05]} 38. Nb5 {[%clk
0:45:48]} Ng6 {[%clk 0:48:51]} 39. Rc7 {[%clk 0:43:28]} Nxe5 {[%clk 0:47:51]} 40.
Kf2 {[%clk 1:08:29]} Rh1 {[%clk 1:17:33]} 41. Kg2 {[%clk 1:08:25]} Re1 {[%clk
1:18:01]} 42. h3 {[%clk 1:08:16]} Re2+ {[%clk 1:17:56]} 43. Kf1 {[%clk 1:07:18]}
Rh2 {[%clk 1:17:58]} 44. Rc3 {[%clk 1:07:30]} Ng6 {[%clk 1:18:16]} 45. Kg1 {[%clk
1:03:52]} Re2 {[%clk 1:18:42]} 46. Nd4 {[%clk 1:03:28]} Re1+ {[%clk 1:19:07]} 47.
Kf2 {[%clk 1:03:39]} Rh1 {[%clk 1:19:31]} 48. Kg2 {[%clk 1:03:15]} Re1 {[%clk
1:19:36]} 49. Kf2 {[%clk 0:59:14]} Rh1 {[%clk 1:20:00]} 50. Ne2 {[%clk 0:57:46]}
h6 {[%clk 1:20:03]} 51. Re3 {[%clk 0:56:37]} Nh4 {[%clk 1:19:26]} 52. c4 {[%clk
0:54:56]} Kf8 {[%clk 1:19:50]} 53. c5 {[%clk 0:54:52]} Ke7 {[%clk 1:20:16]} 54.
Ba4 {[%clk 0:54:23]} Kd8 {[%clk 1:20:12]} 55. Bc6 {[%clk 0:53:30]} Ra1 {[%clk
1:20:01]} 56. Rd3+ {[%clk 0:50:56]} Kc7 {[%clk 1:20:27]} 57. Be8 {[%clk 0:51:09]}
f5 {[%clk 1:20:30]} 58. Rd7+ {[%clk 0:50:41]} Kc8 {[%clk 1:20:56]} 59. Re7 {[%clk
0:48:28]} f4 {[%clk 1:20:32]} 60. Rxe6 {[%clk 0:48:02]} Ra2 {[%clk 1:20:57]} 61.
Bc6 {[%clk 0:46:52]} Ra3 {[%clk 1:19:56]} 62. Ng1 {[%clk 0:45:56]} Rc3 {[%clk
1:19:07]} 63. Be4 {[%clk 0:43:43]} Rxc5 {[%clk 1:18:31]} 64. Rc6+ {[%clk
0:44:06]} Rxc6 {[%clk 1:18:59]} 65. Bxc6 {[%clk 0:44:32]} Kc7 {[%clk 1:19:24]}
66. Be4 {[%clk 0:44:53]} Kd6 {[%clk 1:19:38]} 67. Nf3 {[%clk 0:45:00]} Nxf3
{[%clk 1:19:42]} 68. Bxf3 {[%clk 0:45:24]} Kc5 {[%clk 1:19:33]} 69. Ke2 {[%clk
0:45:37]} Kc4 {[%clk 1:19:51]} 70. Kd2 {[%clk 0:45:51]} Kd4 {[%clk 1:20:12]} 71.
Bg2 {[%clk 0:45:35]} Kc4 {[%clk 1:20:22]} 72. Bf1+ {[%clk 0:44:58]} Kd4 {[%clk
1:20:38]} 73. Bd3 {[%clk 0:44:55]} Kd5 {[%clk 1:20:13]} 74. Kc3 {[%clk 0:41:45]}
Ke5 {[%clk 1:21:08]} 75. Kd2 {[%clk 0:40:57]} Kd4 {[%clk 1:21:34]} 76. Ba6 {[%clk
0:40:51]} Ke4 {[%clk 1:21:46]} 77. Bb7+ {[%clk 0:41:15]} Kd4 {[%clk 1:22:11]} 78.
Ke2 {[%clk 0:41:16]} Kc3 {[%clk 1:22:23]} 79. Kf3 {[%clk 0:41:38]} Kd4 {[%clk
1:22:24]} 80. h4 {[%clk 0:41:40]} Ke5 {[%clk 1:22:42]} 81. hxg5 {[%clk 0:39:51]}
hxg5 {[%clk 1:23:08]} 82. Ke2 {[%clk 0:40:17]} Kd4 {[%clk 1:23:29]} 83. Kd2
{[%clk 0:40:43]} Kc4 {[%clk 1:23:55]} 84. Ba6+ {[%clk 0:40:57]} Kd4 {[%clk
1:24:22]} 85. Bd3 {[%clk 0:41:20]} Kd5 {[%clk 1:24:47]} 86. Kc3 {[%clk 0:40:44]}
Ke5 {[%clk 1:25:10]} 87. Bf5 {[%clk 0:38:34]} f3 {[%clk 1:24:13]} 88. Kd2 {[%clk
0:38:58]} Kf4 {[%clk 1:24:41]} 89. Ke1 {[%clk 0:39:15]} Kg3 {[%clk 1:25:06]} 90.
Kf1 {[%clk 0:39:39]} f2 {[%clk 1:25:33]} 91. Bd7 {[%clk 0:39:47]} Kf3 {[%clk
1:25:58]} 92. Be6 {[%clk 0:40:03]} Kg3 {[%clk 1:26:23]} 93. Bc8 {[%clk 0:40:18]}
Kf3 {[%clk 1:26:49]} 1/2-1/2